| 000 | 00948nam a22002657a 4500 | ||
|---|---|---|---|
| 001 | 6153 | ||
| 003 | FISKH | ||
| 005 | 20250320111630.0 | ||
| 008 | 250320b cb ||||| |||| 00| 0 eng d | ||
| 020 | _a 978-0590631778 | ||
| 040 |
_aFISKH _beng _cFISKH _dFISKH |
||
| 050 | _aCT3202 | ||
| 082 | _a920 | ||
| 100 | _aDungworth, Richard | ||
| 245 |
_aFamous women from Nefertiti to Diana / _cBy Richard Dungworth and Philippa Wingate |
||
| 260 |
_aNew York : _bScholastic ; _c1998. |
||
| 300 |
_a48 pages : _bcolor illustrations ; _c25 cm . |
||
| 490 | _aThe usborne book of | ||
| 520 | _aExplores the contributions of over 100 outstanding women throughout history from scientists to supermodels, actresses to astronauts, and the notorious to the reformers. | ||
| 650 |
_aBiographical-or-memoir _vNon-fiction |
||
| 650 |
_aFamous people _vNon-fiction |
||
| 700 |
_aHewetson,Nicholas _eillustrator |
||
| 942 |
_2ddc _cBK _n0 |
||
| 999 |
_c6153 _d6153 |
||